|
|
|
|
| LEADER |
00000nam0a2200000 4500 |
| 001 |
359968 |
| 005 |
20250211063212.0 |
| 035 |
|
|
|a (RuTPU)RU\TPU\retro\17275
|
| 035 |
|
|
|a RU\TPU\retro\17274
|
| 090 |
|
|
|a 359968
|
| 100 |
|
|
|a 20210215d1963 k y0rusy5003 ca
|
| 101 |
0 |
|
|a rus
|
| 102 |
|
|
|a RU
|
| 105 |
|
|
|a y z 001zy
|
| 200 |
1 |
|
|a Энергомашиностроительный факультет. К XX-летию энергомашиностроительного факультета
|e [тематический сборник]
|f Московский энергетический институт ; под ред. А. В. Щегляева
|
| 210 |
|
|
|a Москва
|c Изд-во МЭИ
|d 1963
|
| 215 |
|
|
|a 244 с.
|c табл., ил.
|
| 225 |
1 |
|
|a Труды Московского энергетического института (МЭИ)
|v Вып. 47
|
| 320 |
|
|
|a Библиогр. в конце ст.
|
| 500 |
1 |
0 |
|a Труды Московского энергетического института
|9 88841
|
| 606 |
1 |
|
|a Энергомашиностроение
|2 stltpush
|3 (RuTPU)RU\TPU\subj\21347
|9 46362
|
| 610 |
1 |
|
|a сверхзвуковые сопловые решетки
|
| 610 |
1 |
|
|a криволинейные каналы
|
| 610 |
1 |
|
|a методы расчета
|
| 610 |
1 |
|
|a потери
|
| 610 |
1 |
|
|a радиальные пластины
|
| 610 |
1 |
|
|a аэродинамические исследования
|
| 610 |
1 |
|
|a кольцевые решетки
|
| 610 |
1 |
|
|a сопловые лопатки
|
| 610 |
1 |
|
|a новые разработки
|
| 610 |
1 |
|
|a регуляторы
|
| 610 |
1 |
|
|a паровые турбины
|
| 610 |
1 |
|
|a осесимметричные течения
|
| 610 |
1 |
|
|a ступени турбомашины
|
| 610 |
1 |
|
|a диффузоры
|
| 610 |
1 |
|
|a эжекторы
|
| 610 |
1 |
|
|a системы регулирования
|
| 610 |
1 |
|
|a сервомоторы
|
| 610 |
1 |
|
|a исследования
|
| 610 |
1 |
|
|a криволинейные каналы
|
| 675 |
|
|
|a 620.9.002
|v 3
|
| 702 |
|
1 |
|a Щегляев
|b А. В.
|4 340
|
| 712 |
0 |
2 |
|a Московский энергетический институт
|c (1930-1992)
|3 (RuTPU)RU\TPU\col\20092
|9 27693
|
| 801 |
|
0 |
|a RU
|b 63413507
|c 19950704
|g psbo
|
| 801 |
|
1 |
|a RU
|b 63413507
|c 20060118
|g PSBO
|
| 801 |
|
2 |
|a RU
|b 63413507
|c 20220207
|g PSBO
|
| 942 |
|
|
|c BK
|